Statistics for Paris Trivia

Click here to take the quiz!

General Stats

  • This quiz has been taken 17,014 times
    (15,581 since last reset)
  • The average score is 16 of 28

Answer Stats

Clue Answer % Correct
Most famous landmarkEiffel Tower
95%
Most famous art museumLouvre
93%
Main riverSeine
91%
Monument at the end of
the above
Arc de {Triomphe}
91%
Most common nicknameThe City of {Light}
89%
Leonardo's best-known paintingMona Lisa
88%
Most famous street{Champs}-Élysées
86%
Luxury brand created by CocoChanel
86%
Biggest airportCharles De Gaulle
83%
Beheading execution methodGuillotine
81%
The "Sun King's" residenceVersailles
72%
Cabaret and 2001 musical filmMoulin Rouge
72%
Author of "Les Misérables"Victor Hugo
70%
Year the Bastille was stormed1789
53%
"The Thinker" sculptorAuguste Rodin
51%
Paris has 20 of these
subdivisions
Arrondissements
50%
2015 freedom of speech sloganJe suis {Charlie}
46%
White basilica in MontmartreSacré-Cœur
45%
Armless statueVenus de Milo
45%
Other name for the French OpenRoland-Garros
39%
French region
in which Paris is located
Île-de-France
38%
"Incorruptible" revolutionaryMaximilien
de Robespierre
32%
Business districtLa {Défense}
29%
Roman name of ParisLutetia
23%
WWI conflict fought near ParisBattle of the {Marne}
18%
Best-selling newspaperLe Parisien
17%
Stock market index{CAC} 40
16%
Largest public parkBois de {Vincennes}
15%

Score Distribution

Percentile by Number Answered

Percent of People with Each Score

Your Score History

You have not taken this quiz since the last reset